Normal view
MARC view
- Steel, C. M.
Entry Personal Name
001 - CONTROL NUMBER
- control field: 152598
003 - CONTROL NUMBER IDENTIFIER
- control field: DLC
005 - DATE AND TIME OF LATEST TRANSACTION
- control field: 20260219113237.0
008 - FIXED-LENGTH DATA ELEMENTS
- fixed length control field: 871218n| acannaab| |a aaa ||| c
010 ## - LIBRARY OF CONGRESS CONTROL NUMBER
- LC control number: n 87903094
040 ## - CATALOGING SOURCE
- Original cataloging agency: NjP
- Transcribing agency: DLC
- Modifying agency: DLC
100 10 - HEADING--PERSONAL NAME
- Personal name: Steel, C. M.
- Fuller form of name: (C. Michael)
400 10 - SEE FROM TRACING--PERSONAL NAME
- Personal name: Steel, Michael
670 ## - SOURCE DATA FOUND
- Source citation: Inter. Workshop on Monoclonal Antibodies to Human MHC Class II Antigens (1st : 1983 : Edinburgh, Scotland). Human MHC class II antigens, 1984:
- Information found: t.p. (C.M. Steel) p. 2 (Michael Steel, MRC Clinical and Popul. Cytog. Unit, Edinburgh)



